000 00283nam a22001217a 4500
008 180425b xxu||||| |||| 00| 0 eng d
041 _aeng
080 _a043.3
100 _a0
101 _aSHKI-MTH
245 _aISO 27001 dhe aplikimi i tij në Kosovë
_cGashi,M
942 _2udc
_cBK
999 _c45530
_d45530